00330nam a2200121Ia 450000500170000000800410001708200130005824500320007126000360010330000130013950000340015270000220018620250514011057.0240331s9999 xx 000 0 und d a200bSRI 0aSri Lankawe aagamika bawaya aColombobMergaa Institutec1985 a310 p ., aA Book on Sri Lankan Religion aCater, J.R. eedt